Table of integrals, series, and products /
Guardado en:
| Autor Principal: | |
|---|---|
| Otros Autores: | , |
| Formato: | Libro |
| Idioma: | English Russian |
| Publicado: |
New York :
Academic Press,
1965.
|
| Edición: | 4th ed. / |
| Etiquetas: |
Agregar Etiqueta
Sin Etiquetas, Sea el primero en etiquetar este registro!
|
| LEADER | 01154cam a22002531a 4500 | ||
|---|---|---|---|
| 001 | EEA.libagro010460 | ||
| 008 | 800822s1965####nyua#####b####000#0#eng## | ||
| 005 | 20191125113524.0 | ||
| 245 | 1 | 0 | |a Table of integrals, series, and products / |c by I. S. Gradshteyn and I. M.Ryzhik. |
| 250 | |a 4th ed. / |b prepared by Yu. V. Geronimus [and] M. Yu. Tseytlin. Translated from the Russian by Scripta Technika, inc. Translation edited by Alan Jeffrey. | ||
| 260 | |a New York : |b Academic Press, |c 1965. | ||
| 300 | |a xiv, 1086 p. : |b il. ; |c 24 cm. | ||
| 500 | |a Traducción de: Tabliëtìsy integralov, summ, rëiìadov i proizvedeniæi. | ||
| 504 | |a Bibliografía: p. 1081-1082. "Classified supplementary references, prepared by Alan Jeffrey": p. 1083-1086. | ||
| 100 | 1 | |a Gradshteæin, I. S. |q (Izrail§ Solomonovich) | |
| 240 | 1 | 0 | |a Tabliëtìsy integralov, summ, rëiìadov i proizvedeniæi. |l Inglés |
| 700 | 1 | |a Ryzhik, I. M. |q (Iosif Moiseevich). | |
| 700 | 1 | |a Jeffrey, Alan. | |
| 082 | 0 | 4 | |a 515.43 |
| 010 | |a 65029097 | ||
| 040 | |a DLC |c DLC |d DLC | ||
| 041 | 1 | |a eng |h rus | |
| 050 | 0 | 0 | |a QA55 |b .G6613 1965 |
| 859 | |a AR-BbBCA |b BIB. AGRONOMIA |h 515.43 |i G732a4 |p 1970/0056 | ||
